Statistics for WWI quiz

Click here to take the quiz!

General Stats

  • This quiz has been taken 13 times
  • The average score is 18 of 30

Answer Stats

HintAnswer% Correct
His assassination caused the warFranz Ferdinand
100%
Where the assassination took placeSarajevo
100%
Germany and its alliesThe Central Powers
100%
Failed ANZAC invasion site of the Ottoman EmpireGallipoli
90%
A country originally in The Triple Alliance but later leftItaly
90%
Last Tsar of RussiaNicholas II
90%
Kaiser of GermanyWilhelm II
90%
Deadly British offensiveBattle of the Somme
80%
The group that seized control of RussiaBolsheviks
80%
Germany's middle eastern allyOttoman Empire
80%
The country that started itSerbia
80%
November 11, 1918 is known as:Armistice Day
70%
Germany's Balkan ally that joined in 1915Bulgaria
70%
Germany's original plan for the warThe Schlieffen Plan
70%
Germany's allies before the warThe Triple Alliance
60%
The warfare used on the western frontTrench Warfare
60%
Genocide committed by the OttomansArmenian genocide
50%
The two wars fought before the warBalkan wars
50%
One of the only naval battles in the warBattle of Jutland
50%
Serbia's allyMontenegro
50%
France and its alliesThe Entente
50%
A Balkan country that formed after the warYugoslavia
50%
Largely Successful Russian offensiveBrusilov offensive
40%
The offensive that led to the collapse of the Central Powers100 Days offensive
30%
Battle that almost completely destroyed the Russian Second ArmyBattle of Tannenberg
30%
Deadly battle in FranceBattle of Verdun
30%
Russian general that attempted to overthrow the Russian governmentGeneral Kornilov
30%
Mesopotamian town where British troops were siegedKut
30%
This Belgian city was burned in 1914Louvain
20%
Polish town where Austrian Troops ended up encircled several timesPrzemsyl
20%

Score Distribution

Percentile by Number Answered

Percent of People with Each Score

Your Score History

You have not taken this quiz